Spanish Stem-Changing Verbs - Statistics

General Stats
  • This quiz has been taken 57 times
  • The average score is 14 of 24
Answer Stats
ENGLISH SPANISH % Correct
To sleep Dormir
87%
To cost Costar
85%
To be able to Poder
85%
To count Contar
83%
To die Morir
83%
To have lunch Almorzar
77%
To rain Llover
77%
To return (from somewhere) Volver
77%
To fly Volar
70%
To remember Recordar
68%
To sound Sonar
66%
To dream Soñar
66%
To find /meet Encontrar
64%
To show Mostrar
64%
To resolve Resolver
57%
To move Mover
53%
To return (something) Devolver
45%
To toast Tostar
45%
To bite Morder
38%
To try Probar
36%
To approve Aprobar
34%
To hang (up) Colgar
26%
To wrap Envolver
21%
To pray/beg/request Rogar
13%
No matching quizzes found
Score Distribution
Percent of People with Each Score
Percentile by Number Answered
Your Score History
You have not taken this quiz